| Tag |
First Indicator |
Second Indicator |
Subfields |
| LEADER |
00000cam a2200000 4500 |
| 001 |
in00003820321 |
| 005 |
20190415190419.0 |
| 006 |
m o d |
| 007 |
cr |n||||||||n |
| 008 |
910116s1708 enk|||| o 00||||eng c |
| 035 |
|
|
|a (CU-RivES)T203228
|
| 035 |
|
|
|a (Uk-ES)006297755
|
| 035 |
|
|
|a (OCoLC)509732431
|
| 040 |
|
|
|a Uk-ES
|c Uk-ES
|d CStRLIN
|d Cengage Gale
|d UtOrBLW
|
| 100 |
1 |
|
|a Brady, Nicholas,
|d 1659-1726.
|0 http://id.loc.gov/authorities/names/n82071853
|
| 245 |
1 |
2 |
|a A sermon preached at the Parish Church of Richmond in Surrey, May the 2d, 1708, upon occasion of the death of Sir Peter Vandeput, who died at Richmond, April the 14th, 1708 :
|b By Nic. Brady, D.D. minister of Richmond in Surrey, and chaplain in Odinary to Her Majesty. Published at the request of the relations of the deceased.
|
| 264 |
|
1 |
|a London :
|b Printed for J. Chantry, at the Sign of Lincolns-Inn-Square, at Lincolns-Inn-Back Gate, near the Fields,
|c 1708.
|
| 300 |
|
|
|a 1 online resource (4 unnumbered pages, 22 pages)
|
| 336 |
|
|
|a text
|b txt
|2 rdacontent
|
| 337 |
|
|
|a computer
|b c
|2 rdamedia
|
| 338 |
|
|
|a online resource
|b cr
|2 rdacarrier
|
| 510 |
4 |
|
|a English Short Title Catalog,
|c T203228.
|
| 500 |
|
|
|a Reproduction of original from Bodleian Library (Oxford).
|
| 500 |
|
|
|a Electronic resource.
|
| 630 |
0 |
0 |
|a Bible.
|p Hebrews XIII, 14
|v Sermons
|v Early works to 1800.
|
| 655 |
|
7 |
|a Electronic books.
|2 local
|
| 655 |
|
7 |
|a Sermons.
|2 rbgenr
|
| 710 |
2 |
|
|a Gale (Firm)
|0 http://id.loc.gov/authorities/names/no2008071348
|
| 752 |
|
|
|a Great Britain
|b England
|d London.
|
| 856 |
4 |
0 |
|u http://proxy.library.tamu.edu/login?url=http://find.galegroup.com/ecco/infomark.do?contentSet=ECCOArticles&docType=ECCOArticles&bookId=1645300900&type=getFullCitation&tabID=T001&prodId=ECCO&docLevel=TEXT_GRAPHICS&version=1.0&source=library&userGroupName=txshracd2898
|z Connect to the full text of this electronic book
|t 0
|
| 999 |
f |
f |
|s 9dbb2635-172a-3f2e-b8ee-562f8391e96a
|i a0a57d0d-a139-3504-bd18-e509656a0724
|t 0
|
| 952 |
f |
f |
|a Texas A&M University
|b College Station
|c Electronic Resources
|d Available Online
|t 0
|h No information provided
|
| 998 |
f |
f |
|t 0
|l Available Online
|